| 000 | 01014nmc a2200337 a 4500 | ||
|---|---|---|---|
| 003 | AR-BaBNM | ||
| 005 | 20251128205528.0 | ||
| 008 | 297119s1994 ||||||||||||||000 | spa|| | ||
| 020 | _a950-518-028-4 | ||
| 040 | _cAR-BaBNM | ||
| 100 | 1 | _aGoffman, Erving | |
| 245 | 1 | 0 |
_aInternados _bensayos sobre la situación social de los enfermos mentales |
| 250 | _a1ª ed. | ||
| 260 |
_aBuenos Aires _bAmorrortu _c1994 |
||
| 300 | 0 | _a378 p. | |
| 490 | 0 | _aBiblioteca de sociología | |
| 500 | 0 | _aContiene referencias bibliográficas en notas a pie de página | |
| 650 | 4 | _aENFERMEDADES MENTALES | |
| 650 | 4 | _aPROBLEMAS SOCIALES | |
| 650 | 4 | _aHOSPITALES PSIQUIATRICOS | |
| 650 | 4 | _aSALUD MENTAL | |
| 650 | 4 | _aHISTORIA SOCIAL | |
| 650 | 4 | _aPSIQUIATRIA | |
| 650 | 4 | _aANALISIS SOCIOLOGICO | |
| 650 | 4 | _aINVESTIGACION SOCIAL | |
| 700 | 1 |
_aOyuela de Grant, María Antonia _etraductor |
|
| 700 | 1 |
_aBustelo, María Celia _erevisión |
|
| 800 | 1 |
_aRigal, Luis A. _edirector |
|
| 942 | _cBK | ||
| 998 | _cSILVI | ||
| 999 |
_c11761 _d11761 |
||